| 000 | 00543nam a22001937a 4500 | ||
|---|---|---|---|
| 003 | DO-SdBNP | ||
| 005 | 20171129104538.0 | ||
| 008 | 171129b 1992 sp ||||| |||| 00| 0 spa d | ||
| 020 | _a8445500589 | ||
| 040 |
_aBPMSU _bspa _cBPMSU |
||
| 092 |
_axxxx _bxxxx |
||
| 100 | 1 | _aSaint Germain, comte de | |
| 245 | 1 | 0 |
_aEl Libro de oro de Saint Germain / _cSaint Germain. |
| 260 |
_aBarcelona : _bAura , _c1992. |
||
| 300 |
_a390 p. ; _c20 cm. |
||
| 942 |
_2ddc _cBK |
||
| 945 | _aInventariado 2017 LP | ||
| 956 |
_aLOPEREZ _b10 _c20171129 _d0041 |
||
| 999 |
_c13205 _d13205 |
||